Systems Analysis and Design /

El propósito de los autores es mostrar cómo diseñar sistemas de información que permitan dar soporte a los procesos de información de una empresa. La obra se divide en dos partes. En la primera, se abordan las cinco fases del ciclo de un sistema: planeación, análisis, diseño, implementación y operac...

Ful tanımlama

Kaydedildi:
Detaylı Bibliyografya
Yazar: Shelly, Gary B. (autor)
Diğer Yazarlar: Cashman, Thomas J. (autor) (autor), Rosenblatt, Harry J. (autor) (autor)
Materyal Türü: Kitap
Dil:İngilizce
Baskı/Yayın Bilgisi: Boston, EUA : Thomson, Course Technology, 2006, c2006
Edisyon:6a edición
Seri Bilgileri:(Shelly Cashman)
Konular:
Etiketler: Etiketle
Etiket eklenmemiş, İlk siz ekleyin!

MARC

LEADER 00000nam^a2200000^a^4500
001 000187090
005 20250521000000.0
009 20260310102247.721
020 |a 0-619-25510-2 
037 |a Acervo ITESO - Biblioteca 
041 |a ING 
082 |a 658. 002851  |b SHE 
100 |a Shelly, Gary B.  |e (autor) 
245 1 0 |a Systems Analysis and Design /  |c G.B. Shelly, T.J. Cashman, H.J. Rosenblatt. 
250 |a 6a edición 
264 4 |a Boston, EUA :  |b Thomson, Course Technology,  |c 2006, c2006 
300 |a XIX, 689 p. +  |e 1 disco compacto de computadora 
336 |a texto  |b txt  |2 rdacontenido 
337 |a sin mediación  |b n  |2 rdamedio 
338 |a volumen  |b nc  |2 rdasoporte 
440 1 |a (Shelly Cashman) 
520 |a El propósito de los autores es mostrar cómo diseñar sistemas de información que permitan dar soporte a los procesos de información de una empresa. La obra se divide en dos partes. En la primera, se abordan las cinco fases del ciclo de un sistema: planeación, análisis, diseño, implementación y operación y soporte de sistemas. En la segunda, se exponen las herramientas básicas para su desarrollo y diseño. 
649 |a XX 
650 |a Paquetes (Software) 
650 |a Información -  |x Administración 
650 |a Bases de Datos 
650 |a Sistemas de Información 
650 |a Internet 
650 |a Informática 
650 |a Toma de Decisiones 
650 |a Planeación Estratégica 
650 |a Planeación Administrativa 
650 |a Proceso Administrativo 
650 |a Análisis de Sistemas 
650 |a Interfaz de Usuario 
650 |a Diseño del Producto 
650 |a Diseño Industrial 
650 |a Programación Orientada a Objetos 
650 |a Programación (Software) 
650 |a Desarrollo de Sistemas 
650 |a Sistemas Computacionales 
650 |a Ingeniería de Software 
650 |a Ingeniería Computacional 
650 |a Ciencias Administrativas 
700 |a Cashman, Thomas J.  |e (autor) 
700 |a Rosenblatt, Harry J.  |e (autor) 
910 |a Fondo General 
920 |a Impresos - Libros 
930 |a Colección General 
905 |a 101 
901 |a 0500129104  |b IT1  |c ACC  |u 20250521 
901 |a 0500129101  |b IT1  |c ACC  |u 20250521 
901 |a 0500129107  |b IT2  |c SWS  |u 20250521 
901 |a 0500129110  |b IT2  |c SWS  |u 20250521 
902 |a https://opac.biblio.iteso.mx/vufind/Record/000187090